000 00676nam a2200217 a 4500
001 BRL_1040
005 20190320211016.0
008 051113s1977----mx-ao#####---#000-0#spa-#
041 _aspa
044 _amx
050 4 _aHD2346.M4
_b.A78 1977
245 1 0 _aArtesanías de la Sierra Norte de Puebla
260 _aMéxico
_bSEP : Departamento de Asesoría Técnica, Dirección General de Arte Popular
_c1977
300 _a300 p.
_bil., mapas
_c22 cm.
440 0 _aEstudios de Folklore y de Arte Popular
_v5
_925656
500 _aAu1188
650 1 4 _aArtesanías
_zPuebla (Estado)
_925657
650 1 4 _aArte popular
_zPuebla (Estado)
_925658
902 _aGRL
942 _2lcc
_cB
999 _c9852
_d9852